Statistics for Every UFC Title Fight of 2017

Click here to take the quiz!

General Stats

  • This quiz has been taken 37 times
  • The average score is 33 of 40

Answer Stats

EventWeight ClassAnswer% Correct
UFC 215Women's BantamweightAmanda Nunes
100%
UFC 210Light HeavyweightAnthony Johnson
100%
UFC 216FlyweightDemetrious Johnson
100%
UFC on Fox 24FlyweightDemetrious Johnson
100%
UFC 218FeathweightJose Aldo
100%
UFC 212FeatherweightJose Aldo
100%
UFC 211HeavyweightStipe Miocic
100%
UFC 214Light HeavyweightDaniel Cormier
97%
UFC 210Light HeavyweightDaniel Cormier
97%
UFC 212FeatherweightMax Holloway
97%
UFC 218FeathweightMax Holloway
97%
UFC 217BantamweightTJ Dillashaw
97%
UFC 214WelterweightTyron Woodley
97%
UFC 209WelterweightTyron Woodley
97%
UFC 217BantamweightCody Garbrandt
94%
UFC 214Light HeavyweightJon Jones
91%
UFC 217MiddleweightMichael Bisping
91%
UFC 217Women's StrawweightRose Namajunas
91%
UFC 214Women's FeatherweightCris Cyborg
88%
UFC 219Women's FeatherweightCris Cyborg
88%
UFC 217MiddleweightGeorges St. Pierre
88%
UFC 213MiddleweightRobert Whittaker
88%
UFC 213MiddleweightYoel Romero
88%
UFC 209WelterweightStephen Thompson
84%
UFC 219Women's FeatherweightHolly Holm
81%
UFC 208Women's FeatherweightHolly Holm
81%
UFC 215Women's BantamweightValentina Shevchenko
81%
UFC 217Women's StrawweightJoanna Jedrzejczyk
78%
UFC 211Women's StrawweightJoanna Jedrzejczyk
78%
UFC 211HeavyweightJunior dos Santos
78%
UFC 216LightweightTony Ferguson
78%
UFC 214WelterweightDemian Maia
75%
UFC 216LightweightKevin Lee
75%
UFC 208Women's FeatherweightGermaine de Randamie
72%
UFC 216FlyweightRay Borg
63%
A New World Champion FinaleWomen's FlyweightNicco Montano
53%
UFC 211Women's StrawweightJessica Andrade
44%
UFC on Fox 24FlyweightWilson Reis
28%
A New World Champion FinaleWomen's FlyweightRoxanne Modafferi
22%
UFC 214Women's FeatherweightTonya Evinger
13%

Score Distribution

Percentile by Number Answered

Percent of People with Each Score

Your Score History

You have not taken this quiz